| Tag |
First Indicator |
Second Indicator |
Subfields |
| LEADER |
00000cam a22000001a 4500 |
| 001 |
in00003416921 |
| 006 |
m |o d | |
| 007 |
cr |n||||||||| |
| 008 |
131104s2013 mau o 000 0 eng d |
| 005 |
20250816213156.1 |
| 020 |
|
|
|a 0745683819 (electronic bk.)
|
| 020 |
|
|
|a 9780745683812 (electronic bk.)
|
| 020 |
|
|
|z 0745669786
|
| 020 |
|
|
|z 9780745669786
|
| 035 |
|
|
|a (NhCcYBP)ebr10788053
|
| 040 |
|
|
|a NhCcYBP
|c NhCcYBP
|d UtOrBLW
|
| 041 |
1 |
|
|a eng
|h fre
|
| 050 |
|
4 |
|a HQ503
|b .B7813 2013
|
| 082 |
0 |
4 |
|a 306.81223
|
| 100 |
1 |
|
|a Bruckner, Pascal.
|
| 240 |
1 |
0 |
|a Mariage d'amour, a-t-il échoué?
|l English
|
| 245 |
1 |
0 |
|a Has marriage for love failed? /
|c Pascal Bruckner ; translated by Steven Rendall and Lisa Neal.
|
| 250 |
|
|
|a English edition.
|
| 264 |
|
1 |
|a Malden, MA :
|b Polity Press,
|c 2013.
|
| 300 |
|
|
|a 1 online resource.
|
| 336 |
|
|
|a text
|b txt
|2 rdacontent
|
| 337 |
|
|
|a computer
|b c
|2 rdamedia
|
| 338 |
|
|
|a online resource
|b cr
|2 rdacarrier
|
| 500 |
|
|
|a Description based on print version record.
|
| 500 |
|
|
|a Published first in French as Le mariage d'amour, a-t-il échoué?, Grasset, 2010.
|
| 505 |
0 |
|
|a The catastrophe of the wedding night -- Divorce, a 'Judaic poison' -- The nuptial utopia -- From forbidden love to obligatory love -- The pathologies of the ideal -- Honey and Hemlock -- The round of disappointed lovers -- Towards separation in a state of euphoria? -- A ministry of broken hearts? -- An agony amidst glory -- The librating tradition -- Restoring reason to sentiment -- Together, separated -- The defeat of Prometheus.
|
| 588 |
|
|
|a Description based on print version record.
|
| 500 |
|
|
|a Electronic resource.
|
| 650 |
|
0 |
|a Love.
|
| 650 |
|
0 |
|a Marriage.
|
| 655 |
|
7 |
|a Electronic books.
|2 local
|
| 700 |
1 |
|
|a Rendall, Steven.
|
| 700 |
1 |
|
|a Neal, Lisa
|q (Lisa Dow)
|
| 710 |
2 |
|
|a ebrary, Inc.
|
| 776 |
1 |
8 |
|c Original
|z 0745669786
|z 9780745669786
|
| 856 |
4 |
1 |
|u https://ebookcentral.proquest.com/lib/tamucs/detail.action?docID=1498555
|y Connect to the full text of this electronic book
|t 0
|
| 955 |
|
|
|a PDA YBP record
|
| 999 |
f |
f |
|s 2de6845e-26cf-3e2d-8354-072ddfb0d90a
|i 298a2fc0-2773-3c56-a40d-1984dcbfd6a0
|t 0
|
| 999 |
|
|
|a MARS
|
| 952 |
f |
f |
|a Texas A&M University
|b College Station
|c Electronic Resources
|d Available Online
|t 0
|e HQ503 .B7813 2013
|h Library of Congress classification
|
| 998 |
f |
f |
|a HQ503 .B7813 2013
|t 0
|l Available Online
|